1734 1061 1800 1193 1514 1624 1862 1739 1427 1516 1002 1333 1763 1261 1033 1911 1682 1367 1160 1397 1714 1467 1506 1358 1177 1639 1445 1506 1795 1108 1199 1597 1992 1362 1525 1827 1781 1815 1501 1219 1047 1858 1831 1700 1129 1454 1828 1209 1014 1972 1332 1778 1092 1399 1766 1270 1476 1305 1491 1932 1814 1950 1437 1460 1731 1991 1230 1175 1361 1916 1192 1940 1313 1976 1249 1424 1293 1704 1532 1181 1596 1326 1941 1147 1076 1429 1248 1938 1614 1366 1821 1927 1164 1844 1795 1960 1197 1215 1787 BCNSPRNW ULIB Ver.6.0+V

เปลี่ยนเป็นภาษาไทย

Change to English
 แสดงรายละเอียดบรรณานุกรม
  กลับหน้าหลัก

Brief Record : Get Marc (ISO 2709) : E-mail record : QR code < ปิดหน้าต่าง
LEADER : 00000nam 2200000uu 4500
001    13399128248
003     ULIB
008    220822s2557||||th 000 0 tha d
020    ^a9786162997020 (ล.4)
050  0 ^aนว^bก947ล^cล.4
100 0  ^aโก้วเล้ง
245 10 ^aลูกปลาน้อยเซียวฮื้อยี้ เล่ม 4. /^cโก้วเล้ง, เขียน ; น.นพรัตน์, แปล
246 30 ^aเซียวฮื้อยี้
250    ^aพิมพ์ครั้งที่ 1
260    ^aกรุงเทพฯ :^bสยามอินเตอร์บุ๊ค,^c2557
300    ^a6 เล่ม ;^c21 ซม.
650  4 ^aนวนิยายจีนกำลังภายใน
650  4 ^aนวนิยายจีน^xการแปลเป็นภาษาไทย
653    ^aOpen Your Eyes Project
700 0  ^aน.นพรัตน์,^eผู้แปล
945    ^p260^l0^i009353
999    ^aประนอม เกษจรัล
รายการนี้ยังไม่มีแท็ก
คุณยังไม่ได้ล็อกอิน คุณสามารถมีกิจกรรมร่วมกับเว็บไซต์ได้ แต่ต้องล็อกอินก่อน ::
  ล็อกอิน

รายการสื่อสารสนเทศ

ลำดับที่ ประเภท เลขเรียก/บาร์โค้ด สถานที่ สถานะ
1. นวนิยาย
นวนิยาย
นว ก947ล ล.4 ฉ.1 
  Barcode: 009353
ห้องสมุดวิทยาเขตสวรรค์ประชารักษ์
►หนังสือทั่วไป
บนชั้น

รายการใกล้เคียง
    ผู้แต่ง [โก้วเล้ง]

    หัวเรื่อง [นวนิยายจีนกำลังภายใน]

BibComment


ยังไม่เคยถูกคอมเมนท์

คอมเมนท์ทรัพยากรรายการนี้
  คอมเมนท์: ลูกปลาน้อยเซียวฮ..


 Copyright 2026. Bcnsprnw @Library